Farthest West : life and travel in the United States /

Bibliographic Details
Main Author: Enock, C. Reginald (Charles Reginald), 1868-1970
Format: Book
Language:English
Published: New York : D. Appleton, 1910.
Subjects:

MARC

Tag First Indicator Second Indicator Subfields
LEADER 00000cam a2200000 4500
001 in00000716005
005 20151016063503.0
008 761130s1910 nyubf 00010 eng d
035 |a (OCoLC)02586537 
035 |9 ADD7053AM 
040 |a OHI  |c OHI  |d TXA  |d UtOrBLW 
049 |a TXAM  |c [451906] 
090 |a E168  |b .E59 
092 |a 917.3  |b E59f 
100 1 |a Enock, C. Reginald  |q (Charles Reginald),  |d 1868-1970. 
245 1 0 |a Farthest West :  |b life and travel in the United States /  |c by C. Reginald Enock... 
264 1 |a New York :  |b D. Appleton,  |c 1910. 
300 |a 2 pages ., vii-xvi, 17-332 pages :  |b frontispiece, plates. folded map. ;  |c 23 cm. 
336 |a text  |b txt  |2 rdacontent 
337 |a unmediated  |b n  |2 rdamedia 
338 |a volume  |b nc  |2 rdacarrier 
500 |a Pages 329-332, advertising matter. 
650 0 |a National characteristics, American. 
651 0 |a United States  |v Aerial views. 
651 0 |a United States  |x Social life and customs. 
651 0 |a United States  |v Pictorial works. 
999 |a MARS 
999 f f |s 7418a797-a74f-328c-9415-e9a4d2e90c34  |i 11c5f1e9-7eb2-3319-bc73-41c69069f69a  |t 0 
952 f f |p ric  |a Texas A&M University  |b Rellis Campus  |c Joint Library Facility  |d Remote Storage  |t 0  |e E168 E59  |h Library of Congress classification  |i unmediated -- volume  |m A14801430912 
998 f f |a E168 E59  |t 0  |l Remote Storage